00000000nam##2200000za#4500
0019.574269
003CaOODSP
00520210624184112
007cr |||||||||||
008150406|2007||||xxc|||||o    f|0| 0 eng|d
022 |a1488-5379
040 |aCaOODSP|beng
043 |an-cn---
0861 |aFs97-6/2718E-PDF
1101 |aCanada. |bDepartment of Fisheries and Oceans.
24510|aPreliminary categorization of the productivity of 37 coastal and Skeena River system lakes in British Columbia / |h[electronic resource]|cby K. S. Shortreed, J. M. B. Hume and K. Malange.
260 |aCultus Lake - British Columbia : |bFisheries and Oceans Canada |c2007.
300 |a103p.|bgraphs, maps, references, tables
4901 |aCanadian technical report of fisheries and aquatic sciences|x1488-5379|v2718
500 |aThe catalogue number (Fs97-6/2718E) and ISBN (0706-6457) for the print edition have been incorrectly copied in this electronic publication.
546 |a(Résumé en français)
590 |a12-28-Supp|b2012-06-15
7201 |aMalange, K.
7201 |aHume, J. M. B
7201 |aShortreed, K. S.
7760#|tPreliminary categorization of the productivity of 37 coastal and Skeena River system lakes in British Columbia / |w(CaOODSP)9.618376
830#0|aCanadian technical report of fisheries and aquatic sciences,|x1488-5379|v2718|w(CaOODSP)9.504449
85640|ahttp://publications.gc.ca|qPDF|s4.58 MB|uhttps://publications.gc.ca/collections/collection_2012/mpo-dfo/Fs97-6-2718-eng.pdf|y2718